000
00322 a2200157 4500
001
61064
020
_a
8516012867
040
_c
Anchieta - Pituba
100
_a
Hollaender, Arnon
240
1
0
_a
Keyword
_l
Ing
245
1
0
_a
Keyword
300
_a
448
362
0
_a
1995
650
4
_a
Inglês e inglês antigo
942
_c
BK
999
_c
61064
_d
61064